Detroit Lions 2024-25 Guess The Player - Statistics

General Stats
  • This quiz has been taken 300 times
  • The average score is 13 of 16
Answer Stats
Picture Answer % Correct
Jared Goff
100%
Aidan Hutchinson
96%
Amon-Ra St. Brown
96%
David Montgomery
94%
Jahmyr Gibbs
93%
Alex Anzalone
88%
Jameson Williams
81%
Brian Branch
80%
Kerby Joseph
80%
Penei Sewell
80%
Sam LaPorta
80%
Terrion Arnold
72%
Taylor Decker
69%
Kalif Raymond
63%
Malcom Rodriguez
46%
Alim McNeill
45%
No matching quizzes found
Score Distribution
Percent of People with Each Score
Percentile by Number Answered
Your Score History
You have not taken this quiz